000 00406pab a2200157 454500
008 180718b2009 xxu||||| |||| 00| 0 eng d
100 _aAndo, Shoichi
245 _aRegional disaster management and the gender perspective of UNCRD
260 _c2009
300 _ap.24-34.
362 _aSep
650 _aDisaster prevention
773 _aRegional Development Dialogue
908 _aN
909 _a84652
999 _c84652
_d84652